000 01115nam a2200385 4500
001 3314636
003 DO-SdBNP
005 20180222125101.0
007 3314636
008 840806s1985 xxu a j b 000 0 eng
010 _a
020 _a0590138324
020 _a
040 _aBPMAU
_c spa
_dBPMSU
041 _aspa
_deng
042 _a
050 0 0 _a
_b
082 0 0 _a
_a
_2
100 1 _aShannon, George.
245 1 0 _aStories to solve :
_bfolktales from around the world /
_ctold by George Shannon ; illustrated by Peter Sis.
250 _a
260 _aNew York :
_bGreenwillow Books,
_c 1985.
300 _a57 p. :
_bil. ;
_c23 cm.
504 _aBibliography: p. 54-55.
520 _aBrief folktales in which there is a mystery or problem that the reader is invited to solve before the resolution is presented.
650 0 _aTales.
650 1 _aFolklore.
650 1 _aLiterary recreations.
650 1 _aRiddles.
700 1 2 _aSís, Peter,
_d1949-
_eil.
856 4 2 _3
_u
942 _2ddc
_cBK
945 _aInventariado, 2018 /LP
956 _aVMATEO
_b10
_c20160414
_hBPMSU
999 _c9764
_d9764